000 00721nam a22001937a 4500
005 20250717152800.0
010 _aHIN-129884
020 _c35.00
035 _aHN-102267
037 _bDBAD
082 _a220.2
100 _aरजदास
_983064
245 _aविश्वदर्शन /
_cरजदास
250 _a 1
260 _aम.प्र .
_bसर्वधर्म समन्वय प्रकाशन
_c2014
270 _bसीधी , म.प्र.
_aकांग्रेस भवन , स्टेट बैंक के पास सीधी
300 _a56 ,पृ.
_b20.5 से.मी.(सजिल्द)
942 _2ddc
_cHN
_h220.2
_mरजद
_e1
999 _c212037
_d212037